<?xml version="1.0" encoding="UTF-8"?>
<record
    xmlns:xsi="http://www.w3.org/2001/XMLSchema-instance"
    xsi:schemaLocation="http://www.loc.gov/MARC21/slim http://www.loc.gov/standards/marcxml/schema/MARC21slim.xsd"
    xmlns="http://www.loc.gov/MARC21/slim">

  <leader>00817cam a22002651  4500</leader>
  <controlfield tag="001">sa 67004844 </controlfield>
  <controlfield tag="003">DLC</controlfield>
  <controlfield tag="005">20260227112351.0</controlfield>
  <controlfield tag="008">890614s1961    ii ch    b    000 0 hino </controlfield>
  <datafield tag="010" ind1=" " ind2=" ">
    <subfield code="a">sa 67004844 </subfield>
  </datafield>
  <datafield tag="035" ind1=" " ind2=" ">
    <subfield code="a">(OCoLC)19869473</subfield>
  </datafield>
  <datafield tag="040" ind1=" " ind2=" ">
    <subfield code="a">DLC</subfield>
    <subfield code="c">WaU</subfield>
    <subfield code="d">DLC</subfield>
  </datafield>
  <datafield tag="042" ind1=" " ind2=" ">
    <subfield code="a">premarc</subfield>
  </datafield>
  <datafield tag="050" ind1="0" ind2="0">
    <subfield code="a">PK2097.H3</subfield>
    <subfield code="b">S29</subfield>
  </datafield>
  <datafield tag="100" ind1="0" ind2=" ">
    <subfield code="a">Hari&#x15B;candra,</subfield>
    <subfield code="c">Bh&#x101;ratendu,</subfield>
    <subfield code="d">1850-1885.</subfield>
  </datafield>
  <datafield tag="245" ind1="1" ind2="0">
    <subfield code="a">Satyahari&#x15B;candra.</subfield>
  </datafield>
  <datafield tag="260" ind1=" " ind2=" ">
    <subfield code="c">[1961 or 2]</subfield>
  </datafield>
  <datafield tag="300" ind1=" " ind2=" ">
    <subfield code="a">2, 109, 94, 15 p.</subfield>
    <subfield code="b">facsims., port.</subfield>
    <subfield code="c">19 cm.</subfield>
  </datafield>
  <datafield tag="500" ind1=" " ind2=" ">
    <subfield code="a">Based on K&#x1E63;emi&#x15B;vara's Ca&#x1E47;&#x1E0D;akau&#x15B;ika.</subfield>
  </datafield>
  <datafield tag="500" ind1=" " ind2=" ">
    <subfield code="a">In Hindi.</subfield>
  </datafield>
  <datafield tag="504" ind1=" " ind2=" ">
    <subfield code="a">Bibliographical footnotes.</subfield>
  </datafield>
  <datafield tag="700" ind1="0" ind2=" ">
    <subfield code="a">K&#x1E63;em&#x12B;&#x15B;vara.</subfield>
    <subfield code="t">Ca&#x1E47;&#x1E0D;akau&#x15B;ika.</subfield>
  </datafield>
  <datafield tag="700" ind1="0" ind2=" ">
    <subfield code="a">Wajid &#x2BB;Ali Shah,</subfield>
    <subfield code="c">King of Oudh,</subfield>
    <subfield code="d">1821-1896.</subfield>
    <subfield code="t">Kiss&#x101; R&#x101;dh&#x101; Kanhaiy&#x101;.</subfield>
  </datafield>
  <datafield tag="700" ind1="1" ind2=" ">
    <subfield code="a">Mi&#x15B;ra, &#x15A;ivapras&#x101;da,</subfield>
    <subfield code="d">1931-</subfield>
  </datafield>
  <datafield tag="999" ind1=" " ind2=" ">
    <subfield code="c">74803</subfield>
    <subfield code="d">74803</subfield>
  </datafield>
</record>
